Benefity motivovat nedokážou

Benefity ako súčasť systému odmeňovania zamestnancov. Benefity ako podpora strategických cieľov spoločnosti. Najčastejšie ponúkané benefity a ich vývoj. Dopady finančnej krízy na benefity. Zmeny v poskytovaní daňovo zvýhodnených benefitov.

Gespeichert in:
Bibliographische Detailangaben
1. Verfasser: Hunčík, Branislav
Weitere Verfasser: Krejčová, Markéta
Format: Buchkapitel
Sprache:Tschechisch
Schlagworte:
Tags: Tag hinzufügen
Keine Tags, Fügen Sie das erste Tag hinzu!

MARC

LEADER 00000naa a2200000 4500
001 0121536
005 20231213140027.4
041 0 |a cze 
044 |a CZ 
245 1 0 |a Benefity motivovat nedokážou  |c Branislav Hunčík, Markéta Krejčová 
520 |a Benefity ako súčasť systému odmeňovania zamestnancov. Benefity ako podpora strategických cieľov spoločnosti. Najčastejšie ponúkané benefity a ich vývoj. Dopady finančnej krízy na benefity. Zmeny v poskytovaní daňovo zvýhodnených benefitov. 
610 2 0 |a odmeňovanie 
610 2 0 |a zamestnanci 
610 2 0 |a benefity 
610 2 0 |a zamestnávatelia 
100 1 |a Hunčík, Branislav 
700 1 |a Krejčová, Markéta